Palabras indelebles de poetas negras: Delia MacDonald, Shirley Campbell Barr /

保存先:
書誌詳細
主要な著者: MacDonald, Delia, Campbell Barr, Shirley 1965-
フォーマット: 不明
言語:Spanish
出版事項: Heredia, Costa Rica: UNA, 2011.
主題:
タグ: タグ追加
タグなし, このレコードへの初めてのタグを付けませんか!

MARC

LEADER 000000000a22000000004500
001 001394
008 170710s2011 cr ||||| |||| 00| p spa d
041 0 |a español 
082 |a CR861.44  |b M135p 
100 1 |a MacDonald, Delia 
100 1 |a Campbell Barr, Shirley  |d 1965-  |9 147 
245 1 0 |a Palabras indelebles de poetas negras:   |b Delia MacDonald, Shirley Campbell Barr /  |c Delia MacDonald, Shirley Campbell Barr 
260 |a Heredia, Costa Rica:   |b UNA,   |c 2011. 
300 |a 69 páginas 
650 4 |a LITERATURA COSTARRICENSE  |v POESÍA 
650 4 |a POESIA NEGRA 
942 |2 ddc  |c BK 
999 |c 2399  |d 2399